<?xml version="1.0" encoding="UTF-8"?>
<collection xmlns="http://www.loc.gov/MARC21/slim">
<record>
  <controlfield tag="001">147853</controlfield>
  <controlfield tag="005">20250108101618.0</controlfield>
  <datafield tag="024" ind1="7" ind2=" ">
    <subfield code="2">doi</subfield>
    <subfield code="a">10.17979/sportis.2024.11.1.10991</subfield>
  </datafield>
  <datafield tag="024" ind1="8" ind2=" ">
    <subfield code="2">sideral</subfield>
    <subfield code="a">141346</subfield>
  </datafield>
  <datafield tag="037" ind1=" " ind2=" ">
    <subfield code="a">ART-2025-141346</subfield>
  </datafield>
  <datafield tag="041" ind1=" " ind2=" ">
    <subfield code="a">spa</subfield>
  </datafield>
  <datafield tag="100" ind1=" " ind2=" ">
    <subfield code="a">Royo Ortín, Emilio</subfield>
    <subfield code="u">Universidad de Zaragoza</subfield>
    <subfield code="0">(orcid)0000-0002-4659-8568</subfield>
  </datafield>
  <datafield tag="245" ind1=" " ind2=" ">
    <subfield code="a">Competencia motriz autopercibida y práctica de actividad física en adolescentes: diferencias según el estado de peso</subfield>
  </datafield>
  <datafield tag="260" ind1=" " ind2=" ">
    <subfield code="c">2025</subfield>
  </datafield>
  <datafield tag="520" ind1="3" ind2=" ">
    <subfield code="a">Identificar los factores relacionados con la actividad física y los mecanismos subyacentes que fomentan el compromiso durante la adolescencia es necesario para fomentar un estilo de vida activo. El principal objetivo del estudio fue analizar la competencia motriz autopercibida y la práctica de actividad física en alumnado de ESO normopeso y con exceso de peso. Fueron evaluados 886 adolescentes de entre 12 y 15 años escolarizados en colegios urbanos y rurales de la Comunidad Autónoma de Aragón. De ellos, 478 (53,95%) eran hombres y 404 (46,05%) mujeres. La edad media fue 13,75 años (DE=1,28). Se empleó el Test AMPET4 para la competencia motriz autopercibida, tres indicadores de la encuesta de la OMS Health Behaviour in Schoolchildren survey en su versión española para analizar la práctica de actividad física y se siguieron las directrices de la OMS en 2007 para establecer los grupos de peso. La existencia de diferencias entre los grupos de peso en las dos variables se realizó a través de la prueba de Kruskal-Wallis. Respecto al estudio de la competencia motriz autopercibida, los resultados mostraron diferencias significativas entre los normopeso y alumnado con exceso de peso. En cuanto a la variable práctica de actividad física, se han observado diferencias significativas en favor de los normopeso con respecto únicamente con los obesos. Por sexos, en las chicas no se encontró ninguna diferencia en la práctica de actividad física. Se subraya la importancia de considerar el peso corporal en el diseño de intervenciones orientadas a promover estilos de vida activos.</subfield>
  </datafield>
  <datafield tag="506" ind1="0" ind2=" ">
    <subfield code="a">Access copy available to the general public</subfield>
    <subfield code="f">Unrestricted</subfield>
  </datafield>
  <datafield tag="540" ind1=" " ind2=" ">
    <subfield code="9">info:eu-repo/semantics/openAccess</subfield>
    <subfield code="a">by-nc-sa</subfield>
    <subfield code="u">http://creativecommons.org/licenses/by-nc-sa/3.0/es/</subfield>
  </datafield>
  <datafield tag="655" ind1=" " ind2="4">
    <subfield code="a">info:eu-repo/semantics/article</subfield>
    <subfield code="v">info:eu-repo/semantics/publishedVersion</subfield>
  </datafield>
  <datafield tag="700" ind1=" " ind2=" ">
    <subfield code="a">Aznar Cebamanos, Mónica</subfield>
    <subfield code="u">Universidad de Zaragoza</subfield>
    <subfield code="0">(orcid)0000-0002-5875-2921</subfield>
  </datafield>
  <datafield tag="700" ind1=" " ind2=" ">
    <subfield code="a">Peñarrubia Lozano, Carlos</subfield>
    <subfield code="u">Universidad de Zaragoza</subfield>
    <subfield code="0">(orcid)0000-0002-3776-2901</subfield>
  </datafield>
  <datafield tag="710" ind1="2" ind2=" ">
    <subfield code="1">3001</subfield>
    <subfield code="2">187</subfield>
    <subfield code="a">Universidad de Zaragoza</subfield>
    <subfield code="b">Dpto. Expres.Music.Plást.Corp.</subfield>
    <subfield code="c">Área Didáctica Expres.Corporal</subfield>
  </datafield>
  <datafield tag="773" ind1=" " ind2=" ">
    <subfield code="g">11, 1 (2025), 1-17</subfield>
    <subfield code="p">Sportis (A Coruña)</subfield>
    <subfield code="t">SPORTIS-SCIENTIFIC TECHNICAL JOURNAL OF SCHOOL SPORT PHYSICAL EDUCATION AND PSYCHOMOTRICITY</subfield>
    <subfield code="x">2386-8333</subfield>
  </datafield>
  <datafield tag="856" ind1="4" ind2="1">
    <subfield code="u">https://revistas.udc.es/index.php/SPORTIS/article/view/sportis.2024.11.1.10991</subfield>
    <subfield code="z">Texto completo de la revista</subfield>
  </datafield>
  <datafield tag="856" ind1="4" ind2=" ">
    <subfield code="s">500915</subfield>
    <subfield code="u">http://zaguan.unizar.es/record/147853/files/texto_completo.pdf</subfield>
    <subfield code="y">Versión publicada</subfield>
  </datafield>
  <datafield tag="856" ind1="4" ind2=" ">
    <subfield code="s">1267199</subfield>
    <subfield code="u">http://zaguan.unizar.es/record/147853/files/texto_completo.jpg?subformat=icon</subfield>
    <subfield code="x">icon</subfield>
    <subfield code="y">Versión publicada</subfield>
  </datafield>
  <datafield tag="909" ind1="C" ind2="O">
    <subfield code="o">oai:zaguan.unizar.es:147853</subfield>
    <subfield code="p">articulos</subfield>
    <subfield code="p">driver</subfield>
  </datafield>
  <datafield tag="951" ind1=" " ind2=" ">
    <subfield code="a">2025-01-08-09:02:05</subfield>
  </datafield>
  <datafield tag="980" ind1=" " ind2=" ">
    <subfield code="a">ARTICLE</subfield>
  </datafield>
</record>
</collection>